1843 1395 1712 1380 1394 1187 1924 1888 1277 1673 1366 1105 1859 1628 1338 1992 1574 1636 1386 1780 1355 1716 1379 1138 1514 1341 1823 1352 1752 1371 1862 1271 1748 1721 1923 1916 1468 1556 1234 1504 1507 1628 1291 1011 1960 1133 1744 1256 1310 1627 1478 1511 1172 1794 1763 1154 1143 1599 1762 1477 1992 1543 1013 1227 1777 1558 1396 1202 1135 1976 1294 1167 1912 1871 1376 1394 1958 1103 1736 1295 1184 1768 1921 1149 1966 1955 1254 1696 1888 1838 1915 1631 1168 1842 1064 1417 1990 1830 1154 BCNSPRNW ULIB Ver.6.0+V

เปลี่ยนเป็นภาษาไทย

Change to English
 แสดงรายละเอียดบรรณานุกรม
  กลับหน้าหลัก

Brief Record : Get Marc (ISO 2709) : E-mail record : QR code < ปิดหน้าต่าง
LEADER : 00000nam 2200000uu 4500
001    13399121259
003     ULIB
008    121113s2550||||th 000 0 tha d
020    ^a9789741315093
050 04 ^aPE1131^bว387ภ
100 0  ^aวัชรี อนันตทรัพย์กิจ
245 10 ^aภาษาอังกฤษเพื่อการสัมภาษณ์งาน /^cวัชรี อนันตทรัพย์กิจ
260    ^aกรุงเทพฯ :^bเจ.บี. พับลิชชิ่ง,^c2550
300    ^a198 หน้า ;^c21 ซม
650  7 ^aการสัมภาษณ์
650  7 ^aภาษาอังกฤษ^xการใช้ภาษา
945    ^p0^l0^i17798
995    ^aวิภา
999 ^a ศิริพร
รายการนี้ยังไม่มีแท็ก
คุณยังไม่ได้ล็อกอิน คุณสามารถมีกิจกรรมร่วมกับเว็บไซต์ได้ แต่ต้องล็อกอินก่อน ::
  ล็อกอิน

รายการสื่อสารสนเทศ

ลำดับที่ ประเภท เลขเรียก/บาร์โค้ด สถานที่ สถานะ
1. วิทยาศาสตร์การแพทย์ และสุขภาพ
วิทยาศาสตร์การแพทย์ และสุขภาพ
PE1131 ว387ภ  
  Barcode: 17798
ห้องสมุดวิทยาเขตสวรรค์ประชารักษ์
►หนังสือทั่วไป
บนชั้น

รายการใกล้เคียง
    ผู้แต่ง [วัชรี อนันตทรัพย์กิจ]

    หัวเรื่อง [การสัมภาษณ์]
    หัวเรื่อง [ภาษาอังกฤษ การใช้ภาษา]

BibComment


ยังไม่เคยถูกคอมเมนท์

คอมเมนท์ทรัพยากรรายการนี้
  คอมเมนท์: ภาษาอังกฤษเพื่อก..


 Copyright 2026. Bcnsprnw @Library